La empresa soviética / (Record no. 171645)

MARC details
000 -LEADER
campo de control de longitud fija 00527nam a22001815i 4500
001 - NÚMERO DE CONTROL
campo de control 171645
003 - IDENTIFICADOR DE NÚMERO DE CONTROL
campo de control ES-MaACL
005 - FECHA Y HORA DE LA ÚLTIMA TRANSACCIÓN
campo de control 20230906214703.0
008 - DATOS DE LONGITUD FIJA--INFORMACIÓN GENERAL
campo de control de longitud fija 090525s1972 sp |||| | spa d
080 ## - NÚMERO DE LA CLASIFICACIÓN DECIMAL UNIVERSAL
Número de la Clasificación Decimal Universal 658(47+57)
100 1# - ENTRADA PRINCIPAL--NOMBRE DE PERSONA
Nombre de persona Soldevilla García, Emilio.
9 (RLIN) 107116
245 13 - MENCIÓN DEL TÍTULO
Título La empresa soviética /
Mención de responsabilidad, etc. Emilio Soldevilla.
250 ## - MENCION DE EDICION
Mención de edición [1ª ed.].
260 ## - PUBLICACIÓN, DISTRIBUCIÓN, ETC.
Lugar de publicación, distribución, etc. Barcelona :
Nombre del editor, distribuidor, etc. Nova Terra,
Fecha de publicación, distribución, etc. [1972]
300 ## - DESCRIPCIÓN FÍSICA
Extensión 169 p., 4 gráf. ;
Dimensiones 22 cm.
650 14 - PUNTO DE ACCESO ADICIONAL DE MATERIA--TÉRMINO DE MATERIA
Término de materia o nombre geográfico como elemento de entrada Empresas-
Subdivisión geográfica URSS.
9 (RLIN) 140311
852 ## - LOCALIZACIÓN
Ubicación ES-MaACL
Número de control de estantería C-43745
itemnumber R.82634
Holdings
Estatus retirado Estado de pérdida Estado de daño No para préstamo Biblioteca de origen Biblioteca actual Ubicación en estantería Fecha de adquisición Fuente de adquisición Total de préstamos Signatura topográfica completa Código de barras Visto por última vez Precio de reemplazo Tipo de ítem Koha
        Biblioteca del Ateneo de Madrid Biblioteca del Ateneo de Madrid Depósito 2 25/05/2009     C-43745 1180129 23/02/2023 23/02/2023 Libro impreso